000 00787nam a2200205Ia 4500
003 GCL
008 140319s9999 xx 000 0 ara d
040 _aGCL /
_cGCL
082 0 4 _a301.3661
_bع ا
100 1 _aعبدالقادر القصير
245 1 0 _aاحياء الصفيح: دراسة ميدانية فى علم الاجتماع الحضرى مثال المجتمع المغربى /
_cعبدالقادر القصير
300 _a240 ص
490 _aالهيئة العامة للاستعلامات
_v0
650 0 4 _aالاجتماع، علم
650 0 4 _aالمجتمعات الحضارية
650 0 4 _aعلم الاجتماع الحضرى
650 0 4 _aالمجتمع الغربى
650 0 4 _aالمجتمعات الحضرية - المغرب
942 _2ddc
_cBK
999 _c49518
_d49518